Cómo sucedieron estas cosas: representar masacres y genocidios

Shranjeno v:
Bibliografske podrobnosti
Main Authors: Burucúa, José Emilio (Author), Kwiatkowski, Nicolás (Author)
Format: Knjiga
Jezik:španščina
Izdano: Buenos Aires katz 2014
Madrid Ministerio de Educación Cultura y Deporte 2014
Izdaja:1a. ed
Serija:Conocimiento, 3087
Teme:
Oznake: Označite
Brez oznak, prvi označite!

MARC

LEADER 00000cam a2200000 a 4500
001 UCE4875
003 CL-VaPUC
008 141113e20140000ag |||||||||||||||||spa|d
082 0 4 |a 909  |b BUR  |2 21 
100 0 |a Burucúa, José Emilio  |e author  |9 454828 
700 0 |a Kwiatkowski, Nicolás  |e author  |9 577335 
245 1 0 |a Cómo sucedieron estas cosas: representar masacres y genocidios 
250 |a 1a. ed 
300 |a 259 p 
942 |c BK 
945 |d 20141113 14:00:00  |a arojas 
260 |a Buenos Aires  |b katz  |c 2014 
260 |a Madrid  |b Ministerio de Educación Cultura y Deporte  |c 2014 
650 7 |a GENOCIDIOS  |2 CL-VaPUC  |9 504579 
650 0 |a Historia universal  |9 266877 
583 |a last modification  |c 20141113 14:00:00  |k Rodrigo Vera 
490 0 |a Conocimiento, 3087 
999 |c 357733  |d 357731 
952 |0 0  |1 0  |3 erb  |4 0  |6 909_000000000000000_BUR_2014_2014  |7 0  |8 A  |9 465783  |a BIBART  |b BIBART  |i 5124956  |o 909 BUR 2014 2014  |p 5124956  |r 2025-03-13  |w 2019-11-23  |y BK  |z Catalogado en:20141113  |k ART